| 000 -LEADER |
| fixed length control field |
01234nam a22003017a 4500 |
| 005 - DATE AND TIME OF LATEST TRANSACTION |
| control field |
20260418122032.0 |
| 008 - FIXED-LENGTH DATA ELEMENTS--GENERAL INFORMATION |
| fixed length control field |
260416b xxu||||| |||| 00| 0 eng d |
| 082 ## - DEWEY DECIMAL CLASSIFICATION NUMBER |
| Classification number |
791.4372 |
| Item number |
W362 2025 |
| 245 ## - TITLE STATEMENT |
| Title |
Weapons / |
| Statement of responsibility, etc |
directed, written and prduced by Zach Cregger ; produced by Miri Yoon, Roy Lee. |
| 260 ## - PUBLICATION, DISTRIBUTION, ETC. (IMPRINT) |
| Place of publication, distribution, etc |
Burbank, California : |
| Name of publisher, distributor, etc |
Warner Bros. Pictures, |
| Date of publication, distribution, etc |
2025. |
| 300 ## - PHYSICAL DESCRIPTION |
| Extent |
1 videofile (ca. 128 mins.) : |
| Other physical details |
sound, color. |
| 520 ## - SUMMARY, ETC. |
| Summary, etc |
When all but one child from the same class mysteriously vanish on the same night at exactly the same time, a community is left questioning who or what is behind their disappearance. |
| 521 ## - TARGET AUDIENCE NOTE |
| Target audience note |
Rated R for strong bloody violence and grisly images, language throughout, some sexual content and drug use. |
| 546 ## - LANGUAGE NOTE |
| Language note |
In English subtitle. |
| 650 ## - SUBJECT ADDED ENTRY--TOPICAL TERM |
| Topical term or geographic name as entry element |
Body Horror |
| 650 ## - SUBJECT ADDED ENTRY--TOPICAL TERM |
| Topical term or geographic name as entry element |
Dark Comedy |
| 650 ## - SUBJECT ADDED ENTRY--TOPICAL TERM |
| Topical term or geographic name as entry element |
Folk Horror |
| 655 ## - INDEX TERM--GENRE/FORM |
| Genre/form data or focus term |
Monster Horror |
| 655 ## - INDEX TERM--GENRE/FORM |
| Genre/form data or focus term |
Psychological Horror |
| 655 ## - INDEX TERM--GENRE/FORM |
| Genre/form data or focus term |
Supernatural Horror |
| 700 ## - ADDED ENTRY--PERSONAL NAME |
| Personal name |
Cregger, Zach, director, writer and producer. |
| 700 ## - ADDED ENTRY--PERSONAL NAME |
| Personal name |
Yoon, Miri, producer. |
| 700 ## - ADDED ENTRY--PERSONAL NAME |
| Personal name |
Lee, Roy, producer. |
| 700 ## - ADDED ENTRY--PERSONAL NAME |
| Personal name |
Garner, Julia, star. |
| 700 ## - ADDED ENTRY--PERSONAL NAME |
| Personal name |
Brolin, Josh, star. |
| 700 ## - ADDED ENTRY--PERSONAL NAME |
| Personal name |
Ehrenreich, Alden, star. |
| 942 ## - ADDED ENTRY ELEMENTS (KOHA) |
| Source of classification or shelving scheme |
|
| Item type |
Audio-Visual Materials |